Score 0/17 Timer 02:00
1 Play Today
% Correct
Paris
95.3%
Panama City
93.8%
Prague
91.1%
Phnom Penh
89.6%
Pyongyang
89.6%
Pretoria
88.5%
Port-au-Prince
87.4%
Pristina
67.7%
Paramaribo
67.6%
% Correct
Port of Spain
65.5%
Podgorica
64.8%
Port Moresby
60.8%
Palikir
55.1%
Praia
54.4%
Port Louis
49.7%
Porto-Novo
47.9%
Port Vila
45.5%
Remove Ads.
Support Sporcle.
Get the best of Sporcle when you Go Orange. This ad-free experience offers more features, more stats, and more fun while also helping to support Sporcle. Thank you for becoming a member.

You're not logged in!

Compare scores with friends on all Sporcle quizzes.
OR
Log In

Show Comments

Extras

Top Quizzes Today


Score Distribution

Your Account Isn't Verified!

In order to create a playlist on Sporcle, you need to verify the email address you used during registration. Go to your Sporcle Settings to finish the process.

Report this User

Report this user for behavior that violates our Community Guidelines.

Details: